[Event "Schachfestival 2014 - Senioren"]
[Site "Woerishofen Bad"]
[Date "2014.03.23"]
[Round "3.28"]
[White "Neumann, Erwin"]
[Black "Niedermaier, Peter"]
[Result "1-0"]
[WhiteElo "1932"]
[BlackElo "1844"]
[PlyCount "105"]
[EventDate "2014.03.21"]
[EventType "swiss"]
[EventCountry "GER"]
[WhiteTeam "SK Schwäbisch Hall"]
[BlackTeam "SU Ebersberg-Grafing"]
[WhiteTeamCountry "GER"]
[BlackTeamCountry "GER"]

1. e4 c5 2. c3 Nc6 3. Nf3 g6 4. d4 cxd4 5. cxd4 Bg7 6. Nc3 d6 7. Bb5 a6 8. Ba4
b5 9. Bb3 e6 10. O-O Nge7 11. a4 b4 12. Ne2 O-O 13. Bd2 Rb8 14. Bc4 d5 15. exd5
Nxd5 16. Rc1 Bb7 17. Bxa6 Nxd4 18. Nfxd4 Bxd4 19. Nxd4 Bxa6 20. Nc6 Qd6 21.
Nxb8 Bxf1 22. Qxf1 Rxb8 23. g3 Qe5 24. b3 Qb2 25. Qd3 Nc3 26. Qc2 Ne2+ 27. Kf1
Qxc2 28. Rxc2 Nd4 29. Rc4 Nxb3 30. Bxb4 Rd8 31. Rc2 Nd4 32. Rd2 e5 33. a5 Ra8
34. Bc3 Nf3 35. Re2 Nxh2+ 36. Kg2 Ng4 37. f3 Rc8 38. Bb4 Rc4 39. Be1 Nh6 40.
Rxe5 Nf5 41. a6 Ra4 42. Ra5 Rc4 43. a7 Rc2+ 44. Kh3 Rc8 45. Rb5 Kg7 46. Rb8 Rc2
47. a8=Q Ne3 48. Qa1+ Kh6 49. Bc3 f5 50. Bg7+ Kh5 51. Qf6 Rc4 52. Rh8 Rh4+ 53.
Qxh4# 1-0

[Event "Schachfestival 2014 - Senioren"]
[Site "Woerishofen Bad"]
[Date "2014.03.23"]
[Round "3.39"]
[White "Blutharsch, Walter"]
[Black "Schweitzer, Paul"]
[Result "1-0"]
[WhiteElo "1882"]
[BlackElo "1696"]
[PlyCount "65"]
[EventDate "2014.03.21"]
[EventType "swiss"]
[EventCountry "GER"]
[WhiteTeam "VfL Sindelfingen"]
[BlackTeam "SV Königsjäger Süd-West e.V."]
[WhiteTeamCountry "GER"]
[BlackTeamCountry "GER"]

1. d4 d5 2. c4 Nc6 3. e3 e6 4. Nf3 Bb4+ 5. Nc3 Nf6 6. Bd3 dxc4 7. Bxc4 Ne4 8.
Qc2 Bxc3+ 9. bxc3 Nd6 10. Bd3 f5 11. O-O O-O 12. Ba3 Rf7 13. Ne5 Rf6 14. Rab1
Nf7 15. f4 Nfxe5 16. dxe5 Rh6 17. Rf3 Ne7 18. Rd1 Qe8 19. Bc4 c6 20. Bxe7 Qxe7
21. Qxf5 Bd7 22. Rd6 b5 23. Bb3 a5 24. Qd3 Rd8 25. f5 a4 26. Bxe6+ Kf8 27. Rxd7
Rxd7 28. Qxd7 Qxd7 29. Bxd7 Ke7 30. e6 Kd6 31. e4 Rh4 32. Rd3+ Kc7 33. e7 1-0

[Event "Schachfestival 2014 - Senioren"]
[Site "Woerishofen Bad"]
[Date "2014.03.23"]
[Round "3.18"]
[White "Engbrecht, Helmut"]
[Black "Zwetz, Anita"]
[Result "1-0"]
[WhiteElo "2037"]
[BlackElo "1897"]
[PlyCount "85"]
[EventDate "2014.03.21"]
[EventType "swiss"]
[EventCountry "GER"]
[WhiteTeam "SV Schorndorf"]
[BlackTeam "TSV Kareth-Lappersdorf"]
[WhiteTeamCountry "GER"]
[BlackTeamCountry "GER"]

1. e4 e6 2. Nc3 d5 3. Nf3 Bb4 4. exd5 exd5 5. d4 Ne7 6. Bd3 Bg4 7. O-O Nbc6 8.
Be3 a6 9. h3 Bh5 10. g4 Bg6 11. Ne2 h5 12. Bxg6 Nxg6 13. g5 Qd7 14. Kg2 Bd6 15.
c3 Nce7 16. Ng3 h4 17. Ne2 O-O-O 18. b4 Nf5 19. Bc1 Rde8 20. Nfg1 f6 21. Qd3 c6
22. a4 Bc7 23. b5 cxb5 24. axb5 a5 25. Bd2 b6 26. Rac1 Qd6 27. Qxf5+ Kb8 28. f4
fxg5 29. Qxg5 Rhf8 30. Rce1 Re4 31. Nf3 Bd8 32. Qg4 Ne7 33. Ng5 Nf5 34. Nxe4
dxe4 35. Kh1 Qd5 36. Qg2 Rf6 37. c4 Qxc4 38. d5 Qxd5 39. Rd1 Qxb5 40. Rg1 Bc7
41. Nc3 Ng3+ 42. Qxg3 hxg3 43. Nxb5 1-0

[Event "Schachfestival 2014 - Senioren"]
[Site "Woerishofen Bad"]
[Date "2014.03.23"]
[Round "3.38"]
[White "Wagner, Gerhard"]
[Black "Schaberg, Wolfgang"]
[Result "1/2-1/2"]
[WhiteElo "1795"]
[BlackElo "1884"]
[PlyCount "45"]
[EventDate "2014.03.21"]
[EventType "swiss"]
[EventCountry "GER"]
[WhiteTeam "Sportfr.Windach e.V.1923"]
[BlackTeam "Scacchi Franciacorta"]
[WhiteTeamCountry "GER"]
[BlackTeamCountry "ITA"]

1. e4 d6 2. d4 Nf6 3. Nc3 g6 4. Nf3 Bg7 5. h3 c6 6. Bc4 b5 7. Bd3 O-O 8. Be3
Re8 9. O-O Bb7 10. Qd2 e5 11. dxe5 dxe5 12. Bc5 Na6 13. Be3 Qe7 14. a3 Nc5 15.
Bxc5 Qxc5 16. b4 Qe7 17. Qe3 Nd7 18. Rfd1 Red8 19. Rab1 a5 20. Qe1 axb4 21.
axb4 Nf8 22. Qe3 Ne6 23. Ne2 1/2-1/2

[Event "Schachfestival 2014 - Senioren"]
[Site "Woerishofen Bad"]
[Date "2014.03.23"]
[Round "3.46"]
[White "Klimpel, Siegfried"]
[Black "Dittmann, Heinz"]
[Result "1-0"]
[WhiteElo "1860"]
[BlackElo "1564"]
[PlyCount "49"]
[EventDate "2014.03.21"]
[EventType "swiss"]
[EventCountry "GER"]
[WhiteTeam "TSV Kareth-Lappersdorf"]
[BlackTeam "Schachgemeinschaft Nettetal 1929"]
[WhiteTeamCountry "GER"]
[BlackTeamCountry "GER"]

1. e4 c5 2. d4 cxd4 3. c3 Nc6 4. cxd4 d6 5. Nc3 e6 6. Nf3 Nf6 7. Bd3 Be7 8. Bg5
a6 9. Rc1 h6 10. Bf4 Nh5 11. Be3 Nf6 12. O-O Bd7 13. Bb1 Nh7 14. d5 Na7 15. Na4
Bxa4 16. Qxa4+ Nb5 17. dxe6 fxe6 18. Nd4 Kf7 19. Nxb5 axb5 20. Qxb5 Rf8 21. Bb6
Qe8 22. Qxe8+ Rfxe8 23. Rc7 Reb8 24. e5 Kg8 25. Rxe7 1-0

[Event "Schachfestival 2014 - Senioren"]
[Site "Woerishofen Bad"]
[Date "2014.03.23"]
[Round "3.58"]
[White "Aufmwasser, Guenter"]
[Black "Mittenzwei, Ingo"]
[Result "1-0"]
[WhiteElo "1704"]
[BlackElo "1598"]
[Annotator "Rondio,Thomas"]
[PlyCount "75"]
[EventDate "2014.03.21"]
[EventType "swiss"]
[EventCountry "GER"]
[WhiteTeam "Schachverein 1922 Hilden"]
[BlackTeam "Schachklub Sülz-Klettenberg"]
[WhiteTeamCountry "GER"]
[BlackTeamCountry "GER"]

1. f4 d5 2. Nf3 Nf6 3. e3 g6 4. b3 Bg7 5. Bb2 O-O 6. Be2 Nbd7 7. O-O c6 8. Nc3
b6 9. Qe1 Nc5 10. Ne5 Qc7 11. d3 Nfd7 12. d4 Nxe5 13. dxc5 Ng4 14. Bxg4 Bxg4
15. cxb6 axb6 16. a4 e5 17. Ba3 Rfe8 18. Qg3 Bf5 19. Rac1 d4 20. e4 exf4 21.
Qxf4 Be5 22. Qh4 Be6 23. Ne2 b5 24. Bc5 bxa4 25. bxa4 Rxa4 26. Ra1 Rea8 27.
Rxa4 Rxa4 28. Nf4 Bc4 29. Nd3 Bg7 30. Qf2 Ra2 31. Rd1 Bxd3 32. Bxd4 Rxc2 33.
Qe3 Bb5 34. Bxg7 Kxg7 35. Qd4+ Kg8 36. Qf6 Qb6+ 37. Kh1 Bd3 38. Qf3 $138 1-0

[Event "Schachfestival 2014 - Senioren"]
[Site "Woerishofen Bad"]
[Date "2014.03.23"]
[Round "3.3"]
[White "Plischke, Berthold"]
[Black "Neese, Hans Joachim"]
[Result "0-1"]
[WhiteElo "2028"]
[BlackElo "2172"]
[PlyCount "64"]
[EventDate "2014.03.21"]
[EventType "swiss"]
[EventCountry "GER"]
[WhiteTeam "Schachverein Wesel 1928 e.V."]
[BlackTeam "Schachverein Hennef 1927 e.V."]
[WhiteTeamCountry "GER"]
[BlackTeamCountry "GER"]

1. e4 c5 2. Nf3 d6 3. d4 Nf6 4. Nc3 cxd4 5. Nxd4 Nc6 6. Bc4 a6 7. O-O g6 8.
Nxc6 bxc6 9. e5 Ng4 10. exd6 Qxd6 11. Qxd6 exd6 12. Re1+ Be7 13. Bf4 Kf8 14. h3
g5 15. Bd2 Ne5 16. Bb3 f6 17. f4 gxf4 18. Bxf4 Kg7 19. Re3 Bf5 20. Rg3+ Ng6 21.
Ne2 d5 22. Nd4 Bd7 23. Re1 Bc5 24. Be3 Rhe8 25. c3 Re5 26. Rf1 Ba7 27. Kh1 c5
28. Ne2 Bb5 29. Bd1 d4 30. cxd4 cxd4 31. Rff3 Rxe3 32. Nxd4 Re1+ 0-1

[Event "Schachfestival 2014 - Senioren"]
[Site "Woerishofen Bad"]
[Date "2014.03.23"]
[Round "3.10"]
[White "Krase, Peter Axel"]
[Black "Witte, Manfred"]
[Result "0-1"]
[WhiteElo "1927"]
[BlackElo "2160"]
[PlyCount "48"]
[EventDate "2014.03.21"]
[EventType "swiss"]
[EventCountry "GER"]
[WhiteTeam "TSV Kareth-Lappersdorf"]
[BlackTeam "VfB Hermsdorf e.V."]
[WhiteTeamCountry "GER"]
[BlackTeamCountry "GER"]

1. d4 Nf6 2. Nc3 d5 3. Bg5 c5 4. e3 e6 5. Nf3 Nc6 6. Be2 cxd4 7. exd4 Be7 8.
O-O O-O 9. a3 b6 10. Qd2 Bb7 11. Bd3 Rc8 12. Qf4 g6 13. Bh6 Re8 14. Rfe1 Nh5
15. Qe3 Bd6 16. g4 Nf6 17. h3 e5 18. Nxe5 Nxe5 19. dxe5 Bxe5 20. Qd2 d4 21. Ne4
Nxe4 22. Bxe4 Bxe4 23. Rxe4 Bh2+ 24. Kxh2 Rxe4 0-1

[Event "Schachfestival 2014 - Senioren"]
[Site "Woerishofen Bad"]
[Date "2014.03.24"]
[Round "4.49"]
[White "Alefs, Heinz"]
[Black "Kuhn, Hans"]
[Result "1-0"]
[WhiteElo "1823"]
[BlackElo "1561"]
[PlyCount "71"]
[EventDate "2014.03.21"]
[EventType "swiss"]
[EventCountry "GER"]
[WhiteTeam "SC Eichenau"]
[WhiteTeamCountry "GER"]

1. d4 d5 2. Nf3 Nc6 3. e3 a6 4. Bd3 Bg4 5. Nbd2 Nf6 6. h3 Bh5 7. O-O e5 8. dxe5
Nxe5 9. Be2 Nxf3+ 10. Bxf3 Bxf3 11. Nxf3 c6 12. Qe2 Be7 13. Rd1 O-O 14. c4 Qc7
15. b3 Rad8 16. Bb2 dxc4 17. Qxc4 Rxd1+ 18. Rxd1 Rd8 19. Rxd8+ Qxd8 20. Ne5 Qd5
21. f3 Bc5 22. Bd4 Bxd4 23. exd4 Ne8 24. Nd3 Nd6 25. Qxd5 cxd5 26. Nf4 Nb5 27.
Nxd5 Nxd4 28. Kf2 Kf8 29. Ke3 Nc6 30. Ke4 Ke8 31. f4 Kd7 32. g4 Kd6 33. h4 g6
34. g5 Nd8 35. Nf6 h5 36. gxh6 1-0

[Event "Schachfestival 2014 - Senioren"]
[Site "Woerishofen Bad"]
[Date "2014.03.24"]
[Round "4.59"]
[White "Westermayer, Johann"]
[Black "Hartlaub, Marianne"]
[Result "0-1"]
[WhiteElo "1643"]
[BlackElo "1596"]
[PlyCount "58"]
[EventDate "2014.03.21"]
[EventType "swiss"]
[EventCountry "GER"]
[BlackTeam "SK 1982 Klingenberg/Main"]
[BlackTeamCountry "GER"]

1. d4 Nf6 2. c4 g6 3. Nf3 d6 4. Nc3 Bg7 5. e4 Bg4 6. Be2 Nbd7 7. Be3 O-O 8. Rc1
c6 9. h3 Bxf3 10. Bxf3 e5 11. O-O Qc7 12. b4 Ne8 13. Be2 f5 14. f3 f4 15. Bf2
a6 16. c5 dxc5 17. dxc5 Rd8 18. Qb3+ Kh8 19. Rfd1 Nef6 20. Rd3 Nb8 21. Rcd1
Rxd3 22. Rxd3 Rd8 23. Qd1 Rxd3 24. Qxd3 Qd7 25. Qxd7 Nbxd7 26. a4 Ne8 27. b5
axb5 28. axb5 Bf8 29. bxc6 bxc6 0-1

[Event "Schachfestival 2014 - Senioren"]
[Site "Woerishofen Bad"]
[Date "2014.03.24"]
[Round "4.34"]
[White "Scholtyssek, Werner"]
[Black "Young, Melvyn Jack"]
[Result "0-1"]
[WhiteElo "1799"]
[BlackElo "1917"]
[PlyCount "136"]
[EventDate "2014.03.21"]
[EventType "swiss"]
[EventCountry "GER"]
[WhiteTeam "SK Blankenloch 1947 e.V."]
[WhiteTeamCountry "GER"]

1. c4 b6 2. Nc3 e6 3. Nf3 Bb7 4. e3 f5 5. d4 Bb4 6. a3 Bxc3+ 7. bxc3 Nf6 8. Bd3
O-O 9. Bb2 Qe8 10. Qc2 d6 11. O-O-O Nbd7 12. Rde1 a5 13. Rhg1 Ne4 14. Re2 Ndf6
15. Nd2 Qh5 16. h3 Nxd2 17. Qxd2 Ne4 18. Qe1 Qh6 19. Kb1 d5 20. f3 Nd6 21. cxd5
exd5 22. Qc1 Rae8 23. c4 Ba6 24. Bc3 Bxc4 25. Bxc4 Nxc4 26. Rge1 Re6 27. f4 Qh4
28. Bd2 Qe7 29. Ka2 Rc6 30. Qc3 Rff6 31. Bc1 b5 32. Qb3 a4 33. Qxb5 Nb6 34. g4
Qe4 35. gxf5 Qxf5 36. e4 dxe4 37. Qxf5 Rxf5 38. Rxe4 Rb5 39. R4e2 Nd5 40. Rb2
Rxb2+ 41. Kxb2 Rc3 42. Re8+ Kf7 43. Rd8 Rb3+ 44. Ka1 Nc3 45. Bb2 Nb5 46. Ka2
Rxh3 47. Rb8 Rb3 48. Ra8 Rf3 49. Rxa4 Rxf4 50. Rb4 Nd6 51. a4 Rf5 52. Bc3 g5
53. Rb2 g4 54. a5 Nb5 55. Be1 Nxd4 56. a6 Rf6 57. Rf2 Rxf2+ 58. Bxf2 Nc6 59.
Kb3 Ke6 60. Kc4 Kd7 61. Kc5 Na7 62. Bg3 Kc8 63. Bf2 Kb8 64. Bg3 Nc8 65. Kc6
Ne7+ 66. Kb5 Nf5 67. a7+ Kxa7 68. Bxc7 h5 0-1

[Event "Schachfestival 2014 - Senioren"]
[Site "Woerishofen Bad"]
[Date "2014.03.24"]
[Round "4.10"]
[White "Di Lazzaro, Gabriele"]
[Black "Rahn, Oskar"]
[Result "1-0"]
[WhiteElo "1936"]
[BlackElo "2123"]
[PlyCount "79"]
[EventDate "2014.03.21"]
[EventType "swiss"]
[EventCountry "GER"]
[BlackTeam "SK Frankenthal"]
[BlackTeamCountry "GER"]

1. d4 Nf6 2. Nc3 d5 3. Bg5 e6 4. e4 dxe4 5. Nxe4 Be7 6. Bxf6 gxf6 7. Nf3 b6 8.
Bc4 Bb7 9. Qe2 f5 10. Ng3 Qd6 11. O-O-O Nd7 12. Kb1 Bd5 13. Bxd5 Qxd5 14. c4
Qd6 15. Rhe1 h5 16. d5 h4 17. dxe6 Qxe6 18. Qc2 hxg3 19. Rxe6 fxe6 20. hxg3
O-O-O 21. Qe2 Nc5 22. Rxd8+ Bxd8 23. Nd2 a5 24. f3 Rh1+ 25. Kc2 Bf6 26. Nb3 Kd7
27. Nxc5+ bxc5 28. Qd2+ Bd4 29. Qxa5 Rf1 30. b4 cxb4 31. Qb5+ c6 32. Qxb4 Rf2+
33. Kd3 c5 34. Qb7+ Kd6 35. a4 Rb2 36. Qc8 Rb3+ 37. Kd2 Rb2+ 38. Kc1 Rxg2 39.
a5 Ra2 40. a6 1-0

[Event "Schachfestival 2014 - Senioren"]
[Site "Woerishofen Bad"]
[Date "2014.03.24"]
[Round "4.24"]
[White "Knollmueller, Peter"]
[Black "Ziltener, Werner"]
[Result "1-0"]
[WhiteElo "1853"]
[BlackElo "2005"]
[PlyCount "127"]
[EventDate "2014.03.21"]
[EventType "swiss"]
[EventCountry "GER"]
[WhiteTeam "SK Töging"]
[WhiteTeamCountry "GER"]

1. d4 d5 2. Nf3 Nf6 3. e3 Bf5 4. c4 c6 5. Nc3 e6 6. Bd3 Ne4 7. O-O Nd7 8. Qc2
Ndf6 9. b3 Bb4 10. Bb2 O-O 11. Nd2 Nxd2 12. Bxf5 exf5 13. Qxd2 Ne4 14. Qd3 Re8
15. cxd5 cxd5 16. Nxe4 fxe4 17. Qb5 Bd6 18. Qxb7 Rb8 19. Qa6 Re6 20. Qe2 Bxh2+
21. Kxh2 Qh4+ 22. Kg1 Rh6 23. f4 Qh1+ 24. Kf2 Qh4+ 25. g3 Qh2+ 26. Ke1 Qxg3+
27. Qf2 Qg4 28. Rg1 Qd7 29. f5 Qd6 30. Bc3 Rc8 31. Rc1 Rh2 32. Qg3 Qxg3+ 33.
Rxg3 Rh1+ 34. Kd2 Rxc1 35. Kxc1 Rxc3+ 36. Kb2 Rc6 37. b4 Rf6 38. Rg5 Rb6 39.
Kb3 f6 40. Rg2 Rc6 41. b5 Rc1 42. Kb4 Kf7 43. Ka5 Rc3 44. a4 g6 45. Ka6 Rc7 46.
a5 gxf5 47. b6 axb6 48. axb6 Rc3 49. Rb2 Ra3+ 50. Kb5 Ra8 51. b7 Rb8 52. Kc6
Ke6 53. Kc7 Rxb7+ 54. Rxb7 f4 55. exf4 Kf5 56. Kd6 h5 57. Kxd5 Kxf4 58. Kc5 e3
59. d5 e2 60. Rb1 Kf3 61. d6 Kf2 62. d7 e1=Q 63. Rxe1 Kxe1 64. d8=Q 1-0

[Event "Schachfestival 2014 - Senioren"]
[Site "Woerishofen Bad"]
[Date "2014.03.24"]
[Round "4.15"]
[White "Boettcher, Ulrich"]
[Black "Thieme, Wolfgang"]
[Result "1-0"]
[WhiteElo "2078"]
[BlackElo "1911"]
[PlyCount "47"]
[EventDate "2014.03.21"]
[EventType "swiss"]
[EventCountry "GER"]
[BlackTeam "Schachclub Bayer Uerdingen 1923"]
[BlackTeamCountry "GER"]

1. Nf3 Nf6 2. c4 g6 3. Nc3 d5 4. cxd5 Nxd5 5. g3 Nxc3 6. bxc3 Bg7 7. Bg2 Nc6 8.
d4 e5 9. e3 exd4 10. cxd4 O-O 11. O-O Bf5 12. Nh4 Be6 13. a4 Re8 14. Rb1 Bc4
15. Re1 Ba6 16. Ba3 Bf8 17. Bxf8 Kxf8 18. Qc2 Qd6 19. Rec1 Re6 20. d5 Re5 21.
dxc6 b6 22. Rd1 Qa3 23. Qb2 Qe7 24. Nf3 1-0

[Event "Schachfestival 2014 - Senioren"]
[Site "Woerishofen Bad"]
[Date "2014.03.24"]
[Round "4.35"]
[White "Zwetz, Anita"]
[Black "Mombelli, Antonio"]
[Result "1/2-1/2"]
[WhiteElo "1897"]
[BlackElo "1806"]
[PlyCount "111"]
[EventDate "2014.03.21"]
[EventType "swiss"]
[EventCountry "GER"]
[WhiteTeam "TSV Kareth-Lappersdorf"]
[WhiteTeamCountry "GER"]

1. d4 d5 2. Nf3 Nf6 3. Bg5 Ne4 4. Bf4 Nd7 5. Nbd2 Nef6 6. e3 e6 7. Bd3 Be7 8.
Qe2 c5 9. c3 O-O 10. g4 Re8 11. Ne5 Nxe5 12. dxe5 Nd7 13. g5 Nf8 14. h4 d4 15.
exd4 cxd4 16. c4 Bd7 17. Rg1 a6 18. Ne4 Bb4+ 19. Kf1 Kh8 20. h5 b5 21. a3 bxc4
22. Bxc4 Be7 23. Nf6 Bxf6 24. gxf6 g6 25. Bh6 Bb5 26. Bxb5 axb5 27. Bg7+ Kg8
28. Bxf8 Rxf8 29. Qd2 Kh8 30. Qh6 Rg8 31. Rh1 Ra7 32. hxg6 fxg6 33. Qf4 Rf8 34.
Rd1 Qd5 35. Rh3 Rd7 36. Rdd3 Kg8 37. Qg5 Qe4 38. Qg3 Rc8 39. Rd1 Rc5 40. Rh4
Qxe5 41. Qxe5 Rxe5 42. Rdxd4 Red5 43. Rde4 e5 44. Rh3 h5 45. Rhe3 Kf7 46. Rxe5
Kxf6 47. Re8 R7d6 48. Rf8+ Kg7 49. Rb8 Rf5 50. Ke2 Rc6 51. Rc3 Rcf6 52. Rb7+
Kh6 53. f3 Re6+ 54. Kf2 Rd6 55. b3 Rd2+ 56. Ke3 1/2-1/2

[Event "Schachfestival 2014 - Senioren"]
[Site "Woerishofen Bad"]
[Date "2014.03.24"]
[Round "4.22"]
[White "Spurga, Josef"]
[Black "Goris Schouwstra, Adri"]
[Result "1/2-1/2"]
[WhiteElo "2008"]
[BlackElo "1886"]
[PlyCount "71"]
[EventDate "2014.03.21"]
[EventType "swiss"]
[EventCountry "GER"]
[WhiteTeam "VfL Sindelfingen"]
[WhiteTeamCountry "GER"]

1. d4 d5 2. Nf3 e6 3. c4 Be7 4. g3 Nf6 5. Bg2 O-O 6. O-O c6 7. b3 Nbd7 8. Bb2
Re8 9. Nbd2 h6 10. Qc2 Bf8 11. Ne5 Nxe5 12. dxe5 Nh7 13. Nf3 Bd7 14. Rad1 Rc8
15. e4 Rc7 16. Rc1 dxc4 17. Qxc4 b5 18. Qc2 c5 19. Rfd1 Qc8 20. b4 c4 21. Bc3
Rd8 22. Nd4 Be7 23. f4 f6 24. exf6 Nxf6 25. Qe2 Re8 26. Nf3 Bc6 27. Ne5 Bb7 28.
Ng4 Nxg4 29. Qxg4 Bf8 30. Rd2 Rd7 31. Rcd1 Rxd2 32. Rxd2 Qc7 33. Qd1 Bc6 34.
Be5 Qb7 35. Qb1 Qb6+ 36. Bd4 1/2-1/2

[Event "Schachfestival 2014 - Senioren"]
[Site "Woerishofen Bad"]
[Date "2014.03.24"]
[Round "4.55"]
[White "Eigenmann, Christina"]
[Black "Buss, Richard"]
[Result "0-1"]
[WhiteElo "1809"]
[BlackElo "1628"]
[PlyCount "78"]
[EventDate "2014.03.21"]
[EventType "swiss"]
[EventCountry "GER"]
[BlackTeam "VfR Heisfelde e.V."]
[BlackTeamCountry "GER"]

1. d4 d5 2. c4 c6 3. cxd5 cxd5 4. Nc3 Nf6 5. Bf4 Nc6 6. e3 e6 7. Nf3 Bd6 8.
Bxd6 Qxd6 9. Bd3 a6 10. O-O O-O 11. Rc1 Re8 12. Bb1 e5 13. dxe5 Nxe5 14. h3
Nxf3+ 15. Qxf3 Be6 16. Rfd1 Rad8 17. Rd4 Qe7 18. Qd1 g6 19. a3 Rd6 20. Ba2 Red8
21. Qf3 Kg7 22. Rcd1 b5 23. b4 h5 24. Bxd5 Bxd5 25. Nxd5 Nxd5 26. Rxd5 Qe6 27.
Rxd6 Rxd6 28. Rxd6 Qxd6 29. e4 Qe5 30. Qe3 Qa1+ 31. Kh2 Qe5+ 32. f4 Qe6 33.
Qd4+ f6 34. Qa7+ Kh6 35. Qe3 Qd6 36. g3 Qc6 37. Qd3 Qb6 38. Qd2 Qc7 39. Kg2 Qc6
0-1

[Event "Schachfestival 2014 - Senioren"]
[Site "Woerishofen Bad"]
[Date "2014.03.24"]
[Round "4.39"]
[White "Schuler, Georg"]
[Black "Wawrinsky, Ludwig"]
[Result "1-0"]
[WhiteElo "1888"]
[BlackElo "1817"]
[PlyCount "51"]
[EventDate "2014.03.21"]
[EventType "swiss"]
[EventCountry "GER"]
[WhiteTeam "SV Balingen"]
[BlackTeam "1.Schachklub Neuperlach e.V."]
[WhiteTeamCountry "GER"]
[BlackTeamCountry "GER"]

1. c4 b6 2. Nc3 e6 3. d4 Bb7 4. e4 Bb4 5. f3 Bxc3+ 6. bxc3 d6 7. Bd3 Nd7 8. Ne2
c5 9. O-O Ngf6 10. Bg5 O-O 11. a4 a5 12. Rb1 Qc7 13. Rb2 Rab8 14. Qb1 e5 15. d5
h6 16. Bxf6 gxf6 17. Ng3 Kh8 18. Nf5 Rg8 19. Qc1 Rg6 20. h4 Nf8 21. g4 Bc8 22.
Kg2 Bxf5 23. exf5 Rg8 24. g5 hxg5 25. hxg5 fxg5 26. f6 1-0

[Event "Schachfestival 2014 - Senioren"]
[Site "Woerishofen Bad"]
[Date "2014.03.24"]
[Round "4.17"]
[White "Krotofil, Kurt"]
[Black "Klempt, Guenter"]
[Result "1/2-1/2"]
[WhiteElo "1914"]
[BlackElo "2052"]
[PlyCount "138"]
[EventDate "2014.03.21"]
[EventType "swiss"]
[EventCountry "GER"]
[WhiteTeam "Niendorfer TSV 1919 SAbt"]
[BlackTeam "Bochumer Schachverein 02"]
[WhiteTeamCountry "GER"]
[BlackTeamCountry "GER"]

1. d4 Nf6 2. c4 g6 3. Nc3 Bg7 4. e4 d6 5. Nf3 O-O 6. Be2 c5 7. d5 Na6 8. O-O
Nc7 9. h3 a6 10. a4 Rb8 11. a5 b5 12. axb6 Rxb6 13. Qc2 Bd7 14. Be3 Qb8 15. Ra2
Qb7 16. e5 Bf5 17. Qd2 Ne4 18. Nxe4 Bxe4 19. Ng5 Bf5 20. g4 Bd7 21. f4 Rb8 22.
Rb1 Rb3 23. Ne4 Qb6 24. Bd1 Rb4 25. Qe2 Nxd5 26. Bd2 Nxf4 27. Bxf4 Be6 28. Nd2
d5 29. Bc2 dxc4 30. Ne4 a5 31. Nc3 Rd8 32. Bd2 Qc7 33. Bf4 Rd4 34. Bg3 Rb8 35.
Ba4 Qd8 36. Rd1 Rd3 37. Bf2 Qc7 38. Raa1 Rbd8 39. Bc2 R3d7 40. Ba4 Rd3 41. Bc2
Rxd1+ 42. Rxd1 Rxd1+ 43. Qxd1 Bxe5 44. Na4 Bd6 45. Qf3 Bd7 46. Nc3 Qb6 47. Ba4
Bxa4 48. Nxa4 Qb4 49. Qd1 c3 50. bxc3 Qf4 51. Kf1 Kg7 52. Nb2 Be5 53. Nd3 Qc4
54. Qe2 Bd6 55. Nxc5 Qxc3 56. Nd3 a4 57. Qb2 Qxb2 58. Nxb2 a3 59. Nc4 a2 60.
Bd4+ Kh6 61. Nxd6 exd6 62. Kg2 g5 63. Kf3 d5 64. Ke3 Kg6 65. Kd2 f5 66. Kc2
fxg4 67. hxg4 h5 68. gxh5+ Kxh5 69. Kb2 Kg4 1/2-1/2

[Event "Schachfestival 2014 - Senioren"]
[Site "Woerishofen Bad"]
[Date "2014.03.24"]
[Round "4.52"]
[White "Kreie, Guenther"]
[Black "Bartlitz, Heinz"]
[Result "1-0"]
[WhiteElo "1939"]
[BlackElo "1750"]
[PlyCount "47"]
[EventDate "2014.03.21"]
[EventType "swiss"]
[EventCountry "GER"]
[WhiteTeam "Turn- u. Sportverein Eichholz-Re"]
[BlackTeam "Bramfelder SK 1947 e.V."]
[WhiteTeamCountry "GER"]
[BlackTeamCountry "GER"]

1. e4 g6 2. d4 Bg7 3. Nc3 d6 4. f4 a6 5. Nf3 b5 6. a3 Bb7 7. Bd3 Nd7 8. e5 c5
9. Qe2 Bxf3 10. Qxf3 cxd4 11. Nd5 dxe5 12. Nc7+ Qxc7 13. Qxa8+ Nb8 14. a4 Nf6
15. axb5 O-O 16. bxa6 Nc6 17. Qb7 Qd6 18. a7 Nd7 19. a8=Q Ndb8 20. O-O Rd8 21.
Be4 Bf8 22. Bxc6 Nxc6 23. Qxc6 Rxa8 24. Qxa8 1-0

[Event "Schachfestival 2014 - Senioren"]
[Site "Woerishofen Bad"]
[Date "2014.03.24"]
[Round "4.56"]
[White "Mircoli, Filippo"]
[Black "Schulz, Franz"]
[Result "1-0"]
[WhiteElo "1674"]
[BlackElo "1670"]
[PlyCount "175"]
[EventDate "2014.03.21"]
[EventType "swiss"]
[EventCountry "GER"]
[WhiteTeam "Castelfidardo"]
[BlackTeam "SV Ebersbach"]
[WhiteTeamCountry "ITA"]
[BlackTeamCountry "GER"]

1. e4 e6 2. d4 d5 3. Nc3 dxe4 4. Nxe4 Nf6 5. Nxf6+ Qxf6 6. Nf3 h6 7. Bd3 Bd6 8.
O-O O-O 9. c4 Rd8 10. b3 c5 11. Bb2 cxd4 12. Bxd4 Qe7 13. Qc2 Nc6 14. Bc3 Bb4
15. Rad1 Bxc3 16. Qxc3 b6 17. Rfe1 Bb7 18. Be4 Rac8 19. Qe3 Na5 20. h3 Rc7 21.
Ne5 Bxe4 22. Qxe4 Nb7 23. Nc6 Qe8 24. Nxd8 Nxd8 25. Rd3 Nc6 26. Red1 f5 27. Qf4
Qe7 28. Qd6 Kf7 29. a3 a5 30. f4 g5 31. Kf2 Kf6 32. Qxe7+ Kxe7 33. fxg5 hxg5
34. Re1 Kf6 35. Rde3 e5 36. Rd3 Nd4 37. Rc1 f4 38. g3 Kf5 39. Re1 Rh7 40. g4+
Kf6 41. Kg2 f3+ 42. Kg3 Rf7 43. Rf1 Ke6 44. Rdxf3 Nxf3 45. Rxf3 Rd7 46. h4
gxh4+ 47. Kxh4 e4 48. Rf8 Ke7 49. Rf4 e3 50. Re4+ Kf6 51. Rxe3 Rd1 52. Kg3 Rh1
53. Kf4 Rf1+ 54. Rf3 Re1 55. g5+ Kg6 56. Re3 Rf1+ 57. Rf3 Rg1 58. Re3 Rf1+ 59.
Rf3 Rg1 60. Rg3 Rf1+ 61. Ke5 Rd1 62. Ke4 Rd2 63. Rd3 Ra2 64. a4 Kxg5 65. Rd6
Re2+ 66. Kd5 Rd2+ 67. Ke6 Re2+ 68. Kd7 Kf5 69. Rxb6 Rb2 70. c5 Rd2+ 71. Kc7 Ke5
72. c6 Ke6 73. Kb7 Rc2 74. c7+ Kd7 75. Ka6 Rxc7 76. Rb7 Kc8 77. Rxc7+ Kxc7 78.
Kxa5 Kb7 79. Kb5 Ka7 80. Kc5 Ka6 81. b4 Ka7 82. Kc6 Ka6 83. b5+ Ka7 84. a5 Kb8
85. Kb6 Ka8 86. Kc7 Ka7 87. b6+ Ka8 88. b7+ 1-0

[Event "Schachfestival 2014 - Senioren"]
[Site "Woerishofen Bad"]
[Date "2014.03.24"]
[Round "4.42"]
[White "Rueggeberg, Wilhelm"]
[Black "Collins, Alan"]
[Result "1/2-1/2"]
[WhiteElo "1882"]
[BlackElo "1732"]
[PlyCount "42"]
[EventDate "2014.03.21"]
[EventType "swiss"]
[EventCountry "GER"]
[WhiteTeam "Sfr.Saarburg-Trier"]
[BlackTeam "Cowley"]
[WhiteTeamCountry "GER"]
[BlackTeamCountry "ENG"]

1. d4 d6 2. c4 e5 3. dxe5 dxe5 4. Qxd8+ Kxd8 5. Nc3 c6 6. Nf3 f6 7. e3 Be6 8.
Be2 Nd7 9. O-O Nh6 10. Rd1 Kc7 11. a3 Be7 12. Bd2 Nf5 13. Ne4 c5 14. b4 Rad8
15. Nc3 Nd6 16. bxc5 Nxc5 17. Nb5+ Nxb5 18. cxb5 Nb3 19. Rab1 Bxa3 20. Be1 b6
21. Nd2 Na5 1/2-1/2